Thành phố Hồ Chí Minh; Quản lý việc phát triển gắn với việc ứng phó triều cường
محفوظ في:
| المؤلف الرئيسي: | |
|---|---|
| التنسيق: | كتاب |
| اللغة: | Undetermined |
| الموضوعات: | |
| الوصول للمادة أونلاين: | http://lrc.tdmu.edu.vn/opac/search/detail.asp?aID=2&ID=25718 |
| الوسوم: |
إضافة وسم
لا توجد وسوم, كن أول من يضع وسما على هذه التسجيلة!
|
| Thư viện lưu trữ: | Trung tâm Học liệu Trường Đại học Thủ Dầu Một |
|---|
| LEADER | 00660nam a2200145Ia 4500 | ||
|---|---|---|---|
| 001 | TDMU_25718 | ||
| 008 | 210410s9999 xx 000 0 und d | ||
| 082 | |a 363.7 | ||
| 100 | |a Quách, Hồng Tuyến | ||
| 245 | 0 | |a Thành phố Hồ Chí Minh; Quản lý việc phát triển gắn với việc ứng phó triều cường | |
| 245 | 0 | |c Quách Hồng Tuyến | |
| 300 | |a Tr.76-78 | ||
| 650 | |a Môi trường; Quản lý; Triều cường; Thành phố Hồ Chí Minh | ||
| 856 | |u http://lrc.tdmu.edu.vn/opac/search/detail.asp?aID=2&ID=25718 | ||
| 980 | |a Trung tâm Học liệu Trường Đại học Thủ Dầu Một | ||